000 00370pab a2200157 454500
008 180718b1995 xxu||||| |||| 00| 0 eng d
100 _aReddy, C. Rammanohar
245 _aPanchayati raj and tribals
260 _c1995
300 _ap.8
362 _a7 Dec
650 _aRural development - India
650 _aPanchayat - India
773 _aHindu
909 _a30569
999 _c30569
_d30569